Autokorelačné funkcie a deformácie prietokov Moravy

Podrobná bibliografia
Hlavný autor: Mosný, Vladimír (Autor)
Médium: Článok
Jazyk:slovenčina
ISBN:8088946220

MARC

LEADER 00000naa a2200000uu 4500
001 vtls011080353
003 SK-MaSNL
005 20260302112227.0
008 210905|2002 xo |||||||||||||||||slo|
015 |a SNBRA 
035 |a (urnnbn)urn:nbn:sk:snk:ar-a0chz1 
035 |a (uuid)73eee532-1b14-4ace-9d4d-ded8e24b057f 
035 |a urn:nbn:sk:snk-aavnzs 
040 |a SNKBUCL  |b slo  |c SNKBUCL  |e AACR2 
041 0 |a slo 
044 |a xo  |c SK 
100 1 |a Mosný, Vladimír  |4 aut  |9 7547 
245 1 0 |a Autokorelačné funkcie a deformácie prietokov Moravy  |c Vladimír Mosný 
773 0 |t PRASTAN 2002  |d Bratislava : Slovenská štatistická a demografická spoločnosť, 2002  |g S. 43-48  |z 8088946220 
958 |a OND 
958 |a article12 
958 |a chapter 
999 |c 1250668  |d 1252598